000 00241nam a22001097a 4500
082 _a808.3 WES'F
100 _aWEST, REBECCA
_957901
245 _aTHE FOUNTAIN OVERFLOWS
260 _aLONDON
_bMACMILLAN
_c1957
300 _a392P
942 _cBK
999 _c568144
_d568144